[Event "Xtracon Chess Open 2017"]
[Site "Helsingor DEN"]
[Date "2017.07.30"]
[Round "10.200"]
[White "Pouliart, Sander"]
[Black "Hein, Jacob"]
[Result "0-1"]
[WhiteElo "1236"]
[BlackElo "1479"]
[WhiteFideId "251062"]
[BlackFideId "1402870"]
[EventDate "2017.07.22"]

1. e4 Nf6 2. e5 Nd5 3. c4 Nb6 4. Nf3 e6 5. Nc3 c6 6. d4 c5 7. d5 d6 8. dxe6 Bxe6
9. b3 d5 10. cxd5 Nxd5 11. Nxd5 Bxd5 12. Bc4 Bxc4 13. Qxd8+ Kxd8 14. bxc4 Nc6
15. Bg5+ Kc7 16. O-O h6 17. Bf4 Kd7 18. Rfd1+ Ke6 19. a4 g5 20. Bg3 Be7 21. Rd5
Rhd8 22. Rad1 Nb4 23. Rxd8 Rxd8 24. Rxd8 Bxd8 25. Nd2 Nd3 26. Nb3 b6 27. Kf1 Nb2
28. a5 Nxc4 29. axb6 axb6 30. f4 Be7 31. Ke2 f5 32. exf6 Bxf6 33. fxg5 hxg5 34.
Bc7 Kd7 35. Bxb6 Nxb6 36. Nxc5+ Kc6 37. Ne4 Bd8 38. Kf3 Nd5 39. Kg4 Ne3+ 40. Kf3
Nf1 41. h3 Kd5 42. Nxg5 Bxg5 43. Kg4 Bf6 44. Kf5 Be5 45. g4 Ne3+ 46. Kg5 Ke6 47.
h4 Bf6+ 48. Kf4 Ng2+ 49. Kg3 Nxh4 50. Kf4 Ng6+ 51. Ke4 Bg5 52. Kf3 Ke5 53. Kg3
Ke4 54. Kf2 Bh4+ 55. Ke2 Nf4+ 56. Kd2 Kf3 57. Kc3 Kxg4 58. Kd4 Kf5 59. Ke3 Ne6
60. Kd3 Bg5 61. Kc4 Ke5 62. Kd3 Nc5+ 63. Kc4 Be3 64. Kb5 Kd5 65. Kb4 Bd2+ 66.
Kb5 Nd7 67. Ka4 Kc4 68. Ka3 Nc5 69. Kb2 Kd3 70. Kb1 Kc3 71. Ka2 Bc1 72. Kb1 Ba3
73. Ka2 Bb2 74. Kb1 Ne4 75. Ka2 Nc5 76. Kb1 Ba3 77. Ka2 Bb4 78. Kb1 Nd3 79. Ka1
Kb3 80. Kb1 Ba3 81. Ka1 Nf4 82. Kb1 Nd5 83. Ka1 Ne3 84. Kb1 Nc4 85. Ka1 Bb2+ 86.
Kb1 Nd2# 0-1

[Event "Xtracon Chess Open 2017"]
[Site "Helsingor DEN"]
[Date "2017.07.30"]
[Round "10.201"]
[White "Thybo, Jan"]
[Black "Schjolin, John"]
[Result "0-1"]
[WhiteElo "1330"]
[BlackElo "1145"]
[WhiteFideId "1438824"]
[BlackFideId "1439413"]
[EventDate "2017.07.22"]

1. e4 e5 2. f4 exf4 3. Nf3 d6 4. Bc4 Nc6 5. Nc3 Be6 6. Bxe6 fxe6 7. d4 d5 8. e5
Bb4 9. O-O Nge7 10. Bxf4 O-O 11. Ng5 Qc8 12. Qd3 Ng6 13. Qh3 h6 14. Nxe6 Nxf4
15. Nxf4 Qxh3 16. Nxh3 Nxd4 17. Rxf8+ Rxf8 18. Nxd5 Bc5 19. Kh1 Rf7 20. g3 c6
21. Nc3 Re7 22. Re1 Nxc2 23. Rc1 Ne3 24. Nf4 Rxe5 25. Nd3 Rf5 26. Nxc5 Rxc5 27.
Re1 Nc4 28. Re2 Re5 29. Rc2 Re1+ 30. Kg2 Ne3+ 31. Kf2 Nxc2 0-1

[Event "Xtracon Chess Open 2017"]
[Site "Helsingor DEN"]
[Date "2017.07.30"]
[Round "10.202"]
[White "Alisaari, Vellu"]
[Black "Mansoor, Areeb"]
[Result "1/2-1/2"]
[WhiteElo "1286"]
[BlackElo "1059"]
[WhiteFideId "509701"]
[BlackFideId "1535870"]
[EventDate "2017.07.22"]

1. b3 e5 2. Bb2 Nc6 3. e3 d5 4. d4 e4 5. Bb5 Nf6 6. Bxc6+ bxc6 7. Ne2 Bg4 8. O-O
Nh5 9. Nd2 Qg5 10. f4 exf3 11. Nxf3 Bxf3 12. Rxf3 Bd6 13. Qe1 Nf6 14. Nf4 O-O
15. a4 Ne4 16. Ba3 h5 17. Bxd6 cxd6 18. h4 Qg4 19. Nd3 Rfe8 20. Rf4 Qg6 21. Nf2
f5 22. Nxe4 dxe4 23. Qc3 Qg3 24. Qe1 Qg6 1/2-1/2

[Event "Xtracon Chess Open 2017"]
[Site "Helsingor DEN"]
[Date "2017.07.30"]
[Round "10.203"]
[White "Cort Maleeva Hansen, Daniel Alexander"]
[Black "Nielsen, Bjorn"]
[Result "1/2-1/2"]
[WhiteElo "1166"]
[BlackElo "1353"]
[WhiteFideId "1462644"]
[BlackFideId "1416839"]
[EventDate "2017.07.22"]

1. e4 e5 2. Nf3 Nc6 3. Nc3 Nf6 4. Bc4 Bc5 5. d3 h6 6. h3 O-O 7. O-O a6 8. Na4
Ba7 9. Nc3 d6 10. a3 Re8 11. Re1 b6 12. Nd5 Rb8 13. b4 Nd4 14. Nxd4 exd4 15. Qf3
Nxd5 16. Bxd5 Rf8 17. Qg3 Qf6 18. Bb2 b5 19. Re3 Kh7 20. Rf3 Qg5 21. Rxf7 Rxf7
22. Bxf7 Qxg3 23. fxg3 Bd7 24. Rc1 c5 25. bxc5 Bxc5 26. Kh2 Be8 27. Rf1 Bxf7 28.
Rxf7 Rc8 29. c3 Kg6 1/2-1/2

[Event "Xtracon Chess Open 2017"]
[Site "Helsingor DEN"]
[Date "2017.07.30"]
[Round "10.204"]
[White "Huse, Lars Paul"]
[Black "Jensen, Johannes Frank"]
[Result "0-1"]
[WhiteElo "1163"]
[BlackElo "1170"]
[WhiteFideId "1526537"]
[BlackFideId "1457942"]
[EventDate "2017.07.22"]

1. e4 d5 2. exd5 Qxd5 3. Nc3 Qe6+ 4. Be2 Nf6 5. Nf3 Qf5 6. O-O Qh5 7. h3 e5 8.
d3 Nc6 9. Nd2 Qf5 10. Nc4 b5 11. Nxb5 Nd5 12. Bf3 Kd8 13. Bxd5 Bd7 14. Nc3 Rb8
15. Be4 Qe6 16. Rb1 f6 17. Ne3 Bd6 18. Bf5 Qe7 19. Bxd7 e4 20. Bxc6 Qe5 21. Qg4
Qh2# 0-1